Normal view
MARC view
Entry Personal Name
001 - CONTROL NUMBER
- control field: 4804
003 - CONTROL NUMBER IDENTIFIER
- control field: OSt
005 - DATE AND TIME OF LATEST TRANSACTION
- control field: 20150521152952.0
008 - FIXED-LENGTH DATA ELEMENTS
- fixed length control field: 150521|| aca||aabn | a|a d
040 ## - CATALOGING SOURCE
- Original cataloging agency: OSt
- Transcribing agency: OSt
100 ## - HEADING--PERSONAL NAME
- Personal name: Parr, John
- Fuller form of name: (John Cuthbert)
670 ## - SOURCE DATA FOUND
- Source citation: Work cat.: (OSt)1825: Parr, John (John Cuthbert), Introduction to ophthalmology /, 1989.
